Welcome to the Holygrace Academy Library

Please use search bar below to get started

A FROSTY DAY (Record no. 7423)

MARC details
000 -LEADER
fixed length control field 00261nam a22001217a 4500
082 ## - DEWEY DECIMAL CLASSIFICATION NUMBER
Classification number 823
Item number POS/F
100 ## - MAIN ENTRY--AUTHOR NAME
Personal name POSNER, ANDREA
245 ## - TITLE STATEMENT
Title A FROSTY DAY
260 ## - PUBLICATION, DISTRIBUTION, ETC. (IMPRINT)
Place of publication NEW YORK
Name of publisher GOLDEN
Year of publication 2000
300 ## - PHYSICAL DESCRIPTION
Number of Pages 8
650 ## - SUBJECT ADDED ENTRY--TOPICAL TERM
Topical Term ENGLISH STORY
Geographic subdivision UNITED STATES
942 ## - ADDED ENTRY ELEMENTS (KOHA)
Koha item type Books
Holdings
Withdrawn status Lost status Collection code Home library Current library Date acquired Source of acquisition Full call number Accession Number Koha item type
Withdrawn Damaged Item Fiction Main Library Main Library 09/03/2002 purchase 823 POS/F 00505 Books